000 01206nam0a22002771 4500
001 rc\3344245
005 20140905123936.0
021 _aRU
_bРг6642-72
035 _a(NLR Aleph) 007432569
090 _a7031239
_c7031239
100 _a20130115d1971 |||y0rusy50 ca
101 0 _arus
102 _aRU
105 _aac b |||||
200 1 _aВасилий Васильевич Трамзин
_e50 лет со дня рождения и 25 лет творческой деятельности
_eКаталог выставки
_f[Вступ. статья Н. Поташовой]
_gЯросл. организация Союза художников РСФСР. Яросл. отд-ние Худож. фонда РСФСР
210 _aЯрославль
_cБ. и.
_d1971
215 _a16 с., 5 л. ил.
_cпортр.
_d15х17
702 1 _aПоташова
_bН.
_4080
702 1 _aТрамзин
_bВ. В.
_gВасилий Васильевич
_4280
710 1 2 _aВасилий Васильевич Трамзин (Выставка) (1971; Ярославль)
801 0 _aRU
_bNLR
_gpsbo
801 1 _aRU
_bELAR
_2rusmarc
852 _aNLR
_bЭ
_jКП/Т653,2
942 _cBOOK
980 _aNB